| 000 | 00443nam a2200181Ia 4500 | ||
|---|---|---|---|
| 005 | 20250220025303.0 | ||
| 008 | 240331s9999 xx 000 0 und d | ||
| 020 | _a9789556593167 | ||
| 082 |
_bKAD _26720 _a950 |
||
| 100 | _aKadirgamar, S | ||
| 245 | 0 | _aYālpāna Ilainr Congress | |
| 260 |
_aColombo; _aChennai _bKumaran Book House _c2012 |
||
| 300 | _axxi, 161 p., | ||
| 650 | _aJaffna | ||
| 650 | _aCaste | ||
| 650 | _aYouth | ||
| 942 | _cL | ||
| 999 |
_c5738 _d5738 |
||